Refranes y dichos #5 - Estadísticas

Estadísticas generales
  • Esta prueba ha sido intentada 518 veces
  • La puntuación promedio es 11 de 15
Estadísticas de respuestas
Hint Respuesta % Correcto
quién no arriesga... no gana
97%
las palabras se las lleva el... viento
97%
aunque la mona se vista de seda... mona se queda
96%
el que juega con fuego... se quema
94%
dime con quién andas y... te diré quién eres
89%
el saber no ocupa... lugar
88%
burro grande, ande o no... ande
83%
hasta el 40 de mayo... no te quites el sayo
80%
en trece y martes, ni te cases ni te... embarques
76%
la confianza da... asco
73%
a buenas horas, ... mangas verdes
71%
mal de muchos, ... consuelo de tontos
58%
cuando seas padre... comerás huevos
54%
a la cama no te irás... sin saber una cosa más
30%
cuando hay frutas en la huerta... hay amigos en la puerta
15%
No se encontraron pruebas coincidentes
Distribución de puntuación
Porcentaje de gente con cada puntuación
Porcentaje por número respondido
Historial de tus puntuaciones
No has intentado esta prueba.